Loading...
| Fine Arts - Classical Music and Opera | 0 | 8 | 0 | 1 | 80 | 79 | 103.63 | 1 | 2 | 0.00 | 0.00 |
| Science - Physics | 0 | 3 | 0 | 1 | 30 | 87 | 104.33 | 0 | 1 | 0.00 | 0.00 |
| Literature - British | 1 | 0 | 0 | 0 | 15 | 66 | 66.00 | 0 | 0 | 0.00 | 0.00 |
| Science - Other | 1 | 0 | 0 | 0 | 15 | 53 | 53.00 | 0 | 1 | 0.00 | 0.00 |
| Visual Arts | 0 | 1 | 0 | 0 | 10 | 126 | 126.00 | 0 | 0 | 0.00 | 0.00 |
| Fine Arts - Other Arts | 0 | 1 | 0 | 0 | 10 | 93 | 93.00 | 0 | 1 | 0.00 | 0.00 |
| Literature - World | 0 | 1 | 0 | 0 | 10 | 140 | 140.00 | 0 | 0 | 0.00 | 0.00 |
| Philosophy | 0 | 1 | 0 | 0 | 10 | 115 | 115.00 | 0 | 0 | 0.00 | 0.00 |
| Social Science | 0 | 1 | 0 | 0 | 10 | 128 | 128.00 | 0 | 0 | 0.00 | 0.00 |
| Literature - European | 0 | 0 | 1 | 0 | -5 | 0.00 | 0 | 0 | 0.00 | 0.00 | |
| Science - Chemistry | 0 | 0 | 1 | 0 | -5 | 0.00 | 0 | 0 | 0.00 | 0.00 |